Το μουσείο και οι πρόδρομοί του

Αποθηκεύτηκε σε:
Λεπτομέρειες βιβλιογραφικής εγγραφής
Κύριος συγγραφέας: Hooper-Greenhill, Eilean, 1945-
Μορφή: Βιβλίο
Γλώσσα:Greek
English
Δημοσίευση: Αθήνα : Πολιτιστικό Ίδρυμα Ομίλου Πειραιώς, c2006.
Σειρά:Μουσειολογία
Θέματα:
Ετικέτες: Προσθήκη ετικέτας
Δεν υπάρχουν, Καταχωρήστε ετικέτα πρώτοι!

MARC

LEADER 00000cam a2200000 i 4500
001 1/99267
008 081212s2006 gr | ||| ||| ||gre||
020 |a 9789602440902  
035 |l 10102398 
040 |a GR-MyUa  |b gre  |e AACR2 
041 1 |a gre  |h eng 
082 7 |a 069.5   |2 (22)  
100 1 |a Hooper-Greenhill, Eilean,   |d 1945- 
245 1 3 |a Το μουσείο και οι πρόδρομοί του /   |c Eilean Hooper-Greenhill ; μετάφραση: Ανδρέας Παππάς.  
260 |a Αθήνα :   |b Πολιτιστικό Ίδρυμα Ομίλου Πειραιώς,   |c c2006.  
300 |a 235 σ. :   |b εικ. ;   |c 24 εκ.  
490 1 |a (Μουσειολογία) 
504 |a Βιβλιογραφία: σ. [215]-235. Ευρετήριο. 
650 0 |a Museums  |x Management. 
650 0 |a Museum techniques. 
650 0 |a Museums  |x Educational aspects. 
765 0 8 |i Μετάφραση του:   |t Museums and the shaping of knowledge /  
830 0 |a Μουσειολογία 
852 |a INST  |b CHIOS  |e 20230608  |h 069.5 HOO  |p 005200040441  |q 005200040441  |t BK  |y 0 
852 |a INST  |b LESVOS  |e 20081212  |h 069.5 HOO  |p 005100044113  |q 005100044113  |t BK  |y 0 
852 |a INST  |b LESVOS  |e 20110701  |h 069.5 HOO  |p 005100048738  |q 005100048738  |t BK  |y 0 
852 |a INST  |b LESVOS  |e 20110701  |h 069.5 HOO  |p 005100048739  |q 005100048739  |t BK  |y 0 
852 |a INST  |b LESVOS  |e 20110701  |h 069.5 HOO  |p 005100048740  |q 005100048740  |t BK  |y 0 
852 |a INST  |b LESVOS  |e 20120214  |h 069.5 HOO  |p 005100050813  |q 005100050813  |t BK  |y 0 
852 |a INST  |b LESVOS  |e 20130221  |h 069.5 HOO  |p 005100051943  |q 005100051943  |t BK  |y 0 
852 |a INST  |b LESVOS  |e 20160310  |h 069.5 HOO  |p 005100057888  |q 005100057888  |t BK  |y 0 
852 |a INST  |b RHODES  |e 20211109  |h 069.5 HOO  |p 005400042376  |q 005400042376  |t BK  |y 0 
852 |a INST  |b SYROS  |e 20110218  |h 069.5 HOO  |p 005500009350  |q 005500009350  |t BK  |y 0 
901 |a BIBL5-2011-1 
901 |a BIBL1-2008-3 
901 |a BIBL1-2011-2 
970 |a Γιάλαμα  |b Μαρία  |z 12/12/2008